Belgian players in European Big Five (2000-) - Statistics

General Stats
  • This quiz has been taken 62 times
  • The average score is 48 of 192
Answer Stats
Ranking Player Positions Nationality Matches Goals (assists) Periods Clubs % Correct
1 Eden Hazard MF, FW 446 125 (92) 2007-2023
100%
2 Romelu Lukaku FW 443 205 (67) 2011-2025
100%
3 Thibaut Courtois GK 437 0 (0) 2011-2025
100%
19 Thorgan Hazard DF, MF, FW 234 43 (47) 2014-2024
100%
70 Jordan Lukaku DF, MF 66 1 (4) 2016-2020
98%
4 Kevin De Bruyne MF, FW 373 95 (153) 2012-2025
98%
9 Vincent Kompany DF 294 19 (7) 2006-2019
98%
20 Jan Vertonghen DF 232 6 (4) 2012-2020
96%
13 Marouane Fellaini MF 260 37 (16) 2008-2019
96%
8 Dries Mertens MF, FW 294 113 (60) 2013-2022
94%
28 Axel Witsel DF, MF 187 12 (7) 2018-2025
91%
26 Leandro Trossard MF, FW 208 46 (31) 2019-2025
91%
15 Yannick Carrasco DF, MF, FW 252 46 (44) 2013-2017, 2019-2024
91%
10 Koen Casteels GK 283 0 (1) 2012-2024
89%
31 Michy Batshuayi FW 174 52 (14) 2014-2020, 2024-2025
89%
16 Simon Mignolet GK 245 0 (0) 2010-2018
89%
12 Youri Tielemans MF, FW 266 31 (35) 2017-2025
89%
42 Jeremy Doku MF, FW 133 16 (21) 2020-2025
87%
17 Mousa Dembélé MF 243 12 (12) 2010-2019
87%
33 Thomas Meunier DF, MF 170 13 (17) 2016-2025
87%
36 Thomas Vermaelen DF 153 14 (5) 2009-2019
87%
24 Toby Alderweireld DF 212 10 (4) 2013-2021
87%
11 Christian Benteke FW 280 86 (22) 2012-2022
85%
14 Divock Origi MF, FW 258 44 (13) 2012-2024
85%
187 Jonathan Benteke FW 1 0 (0) 2016-2017
85%
5 Radja Nainggolan MF 367 48 (33) 2009-2021
85%
18 Adnan Januzaj MF, FW 241 21 (24) 2013-2025
83%
7 Daniel Van Buyten DF 300 39 (4) 2001-2014
79%
21 Timothy Castagne DF 224 11 (16) 2017-2025
79%
46 Amadou Onana MF 121 7 (2) 2021-2025
74%
40 Wout Faes DF 138 7 (2) 2020-2022, 2024-2025
74%
51 Charles De Ketelaere MF, FW 103 17 (16) 2022-2025
70%
38 Nacer Chadli MF, FW 140 21 (14) 2013-2019
70%
25 Dodi Lukebakio MF, FW 211 51 (22) 2016-2025
68%
50 Loïs Openda MF, FW 105 54 (16) 2022-2025
68%
22 Matz Sels GK 218 0 (0) 2018-2025
68%
34 Alexis Saelemaekers DF, MF, FW 164 17 (15) 2019-2025
66%
44 Arthur Theate DF 125 8 (1) 2021-2025
64%
35 Leander Dendoncker DF, MF 155 10 (2) 2018-2024
62%
90 Roméo Lavia MF 46 1 (1) 2022-2025
60%
43 Jason Denayer DF 126 6 (1) 2016-2017, 2018-2022
57%
29 Dennis Praet MF, FW 185 9 (12) 2016-2023
53%
37 Orel Mangala MF 147 7 (7) 2017-2018, 2020-2025
51%
6 Kevin Mirallas MF, FW 307 44 (29) 2004-2009, 2012-2019
47%
54 Dedryck Boyata DF 97 6 (1) 2009-2011, 2013-2014, 2019-2022
45%
39 Sebastiaan Bornauw DF 140 11 (2) 2019-2025
45%
66 Aster Vranckx MF 72 2 (0) 2021-2025
43%
45 Émile Mpenza FW 125 33 (23) 2000-2002, 2004-2008
43%
65 Albert Sambi Lokonga MF 73 1 (5) 2021-2025
38%
102 Arthur Vermeeren MF 33 0 (2) 2023-2025
38%
41 Christian Kabasele DF 137 7 (3) 2016-2019, 2021-2022, 2023-2025
34%
88 Ritchie De Laet DF 47 2 (1) 2008-2009, 2011-2012, 2014-2016
34%
67 Koni De Winter DF 68 3 (1) 2022-2025
32%
60 Benito Raman MF, FW 80 16 (7) 2018-2021
30%
83 Arne Engels DF, MF 51 3 (5) 2022-2025
28%
86 Björn Engels DF 50 2 (1) 2018-2020
28%
140 Julien Duranville MF, FW 15 0 (0) 2022-2025
28%
85 Steven Defour MF 51 2 (4) 2016-2019
28%
73 Marc Wilmots MF, FW 63 14 (3) 2000-2003
26%
71 Cyril Ngonge MF, FW 64 10 (3) 2022-2025
23%
55 Guillaume Gillet DF, MF 96 6 (2) 2014-2018
23%
32 Jean-François Gillet GK 171 0 (2) 2000-2001, 2009-2012, 2014-2015
23%
118 Samuel Mbangula FW 23 3 (3) 2024-2025
21%
97 Thomas Kaminski GK 38 0 (0) 2023-2024
21%
52 Timmy Simons DF, MF 102 11 (3) 2010-2013
21%
135 Junior Malanda MF 17 2 (1) 2013-2015
19%
89 Malick Fofana FW 46 8 (4) 2023-2025
19%
72 Senne Lynen MF 64 0 (4) 2023-2025
19%
27 Filip Daems DF 189 13 (3) 2004-2005, 2008-2014
17%
96 Olivier Deman DF 38 2 (1) 2023-2025
17%
112 Wesley Sonck FW 28 6 (1) 2004-2007
17%
125 Ameen Al-Dakhil DF 20 1 (0) 2023-2025
15%
74 Anthony Vanden Borre DF, MF 62 0 (2) 2007-2009, 2016-2017
15%
81 Laurent Depoitre FW 56 6 (2) 2017-2019
15%
171 Hugo Siquet DF 3 0 (0) 2021-2023
13%
69 Igor de Camargo MF, FW 66 15 (3) 2010-2013
13%
128 Jelle Van Damme DF, MF 20 2 (1) 2004-2005, 2010-2011
13%
152 Laurent Ciman DF 9 0 (0) 2018-2019
13%
164 Maarten Vandevoordt GK 6 0 (0) 2024-2025
13%
30 Thomas Foket DF, FW 176 1 (6) 2018-2024
13%
149 Birger Verstraete MF 9 0 (1) 2019-2020
11%
113 Charly Musonda Jr. MF 27 1 (2) 2015-2018
11%
23 Gaby Mudingayi MF 213 3 (5) 2005-2015
11%
172 Luc Nilis FW 3 1 (0) 2000-2001
11%
91 Sébastien Pocognoli DF, MF 46 0 (2) 2012-2016
11%
181 Silvio Proto GK 2 0 (0) 2018-2019
11%
57 Bart Goor MF 87 13 (14) 2001-2004
9%
79 Eliot Matazo MF 60 2 (2) 2020-2025
9%
59 Joris Van Hout MF, FW 82 11 (3) 2002-2004, 2006-2007
9%
95 Landry Dimata MF, FW 38 0 (1) 2017-2018, 2021-2022
9%
76 Thibault De Smet DF 62 0 (1) 2020-2021, 2022-2025
9%
144 Zinho Vanheusden DF 14 0 (0) 2021-2022
9%
56 Éric Deflandre DF 89 0 (3) 2000-2004
6%
78 Logan Bailly GK 61 0 (0) 2008-2011
6%
136 Luís Oliveira FW 17 1 (2) 2000-2001
6%
106 Mandela Keita MF 30 0 (2) 2024-2025
6%
49 Nico Van Kerckhoven DF, FW 114 2 (2) 2000-2005
6%
169 Noah Mbamba MF 4 0 (1) 2022-2024
6%
84 Peter Van der Heyden DF 51 0 (0) 2005-2007, 2009-2010
6%
123 Siebe Van Der Heyden DF, MF 21 1 (0) 2023-2025
6%
107 Yorbe Vertessen MF, FW 30 4 (2) 2023-2025
6%
80 Zakaria Bakkali MF, FW 57 2 (3) 2015-2018
6%
61 Aaron Leya Iseka FW 79 10 (1) 2016-2017, 2018-2021
4%
101 Anthony Limbombe MF, FW 33 2 (1) 2018-2020
4%
122 Branko Strupar FW 21 10 (0) 2000-2002
4%
126 Danny Boffin MF 20 0 (0) 2000-2001
4%
184 Daouda Peeters MF 1 0 (0) 2019-2020
4%
167 Geoffrey Mujangi Bia MF 4 0 (1) 2009-2011
4%
145 Hannes Delcroix DF 12 0 (0) 2023-2024
4%
127 Ignace Van Der Brempt DF 20 0 (1) 2024-2025
4%
62 Isaac Mbenza MF, FW 79 12 (2) 2016-2020
4%
176 Jonathan Blondel MF 2 0 (0) 2002-2004
4%
75 Largie Ramazani MF, FW 62 6 (6) 2022-2024
4%
111 Lucas Stassin FW 28 12 (4) 2024-2025
4%
82 Luis Pedro Cavanda DF, MF 53 1 (1) 2010-2015
4%
47 Roland Lamah MF, FW 121 12 (7) 2008-2009, 2011-2014
4%
191 Ruud Boffin GK 1 0 (0) 2010-2011
4%
114 Stef Peeters MF 27 0 (2) 2017-2019
4%
124 Stéphane Stassin MF 21 0 (1) 2001-2003
4%
146 Vadis Odjidja-Ofoe DF, MF 12 0 (2) 2007-2008, 2015-2016
4%
64 Baptiste Guillaume MF, FW 77 5 (4) 2014-2015, 2017-2019
2%
105 Brecht Dejaegere MF 30 4 (1) 2022-2023
2%
147 Carl Hoefkens DF 10 0 (0) 2008-2009
2%
93 Christian Brüls MF, FW 43 2 (9) 2013-2015
2%
117 Daam Foulon DF 23 0 (1) 2020-2021
2%
159 Daan Dierckx DF 7 0 (0) 2020-2021
2%
134 David Pollet FW 17 1 (1) 2007-2008, 2010-2011
2%
177 Joseph Nonge MF 2 0 (0) 2023-2024
2%
163 Julien Ngoy MF, FW 6 0 (0) 2016-2018
2%
165 Jurgen Cavens FW 5 1 (0) 2001-2002
2%
48 Luigi Pieroni FW 115 26 (6) 2004-2010
2%
162 Marvin Ogunjimi FW 7 0 (0) 2011-2012
2%
120 Matias Fernandez-Pardo MF, FW 22 4 (2) 2024-2025
2%
68 Maxime Busi DF 68 1 (2) 2020-2024
2%
139 Mike Trésor MF, FW 16 0 (0) 2023-2024
2%
189 Mike Vanhamel GK 1 0 (0) 2008-2009
2%
99 Nathan de Medina DF 35 0 (1) 2020-2022
2%
104 Nico Vaesen GK 31 0 (0) 2002-2003, 2005-2006
2%
63 Peter Van Houdt FW 79 9 (5) 2001-2003, 2005-2006
2%
100 Renaud Emond MF, FW 34 2 (0) 2019-2022
2%
133 Senna Miangue DF, FW 18 0 (1) 2016-2018
2%
108 Sven Kums MF 29 0 (1) 2016-2017
2%
53 Sven Vermant MF 98 6 (13) 2001-2005
2%
154 Tom De Mul MF, FW 9 1 (0) 2007-2009
2%
130 Yassine El Ghanassy MF, FW 20 0 (0) 2017-2018
2%
155 Ayanda Sishuba MF, FW 8 0 (0) 2023-2025
0%
115 Bernd Rauw DF 26 0 (0) 2002-2003, 2004-2005
0%
92 Bernd Thijs MF 44 0 (1) 2004-2007
0%
158 Brandon Baiye MF 7 0 (0) 2022-2023
0%
182 Brandon Deville MF 1 0 (0) 2013-2014
0%
137 Cédric Roussel FW 16 2 (0) 2000-2001
0%
183 Christophe Lepoint DF, MF 1 0 (0) 2003-2004
0%
160 Daan Heymans MF, FW 7 0 (1) 2021-2022
0%
185 Davy Roef GK 1 0 (0) 2016-2017
0%
131 Didier Dheedene DF 19 1 (0) 2001-2002
0%
166 Dražen Brnčić DF, MF 4 0 (0) 2000-2001
0%
77 Erwin Lemmens GK 61 0 (0) 2000-2001, 2002-2004
0%
58 Gianni Bruno MF, FW 83 11 (3) 2011-2015
0%
168 Gilles De Bilde FW 4 0 (0) 2000-2001
0%
119 Grégory Dufer MF 22 1 (2) 2004-2005
0%
110 Gunter Van Handenhoven MF, FW 28 0 (1) 2000-2002
0%
186 Ibrahim Maaroufi MF 1 0 (0) 2006-2007
0%
175 Ismail Azzaoui MF, FW 2 0 (0) 2015-2016
0%
138 Joël Schingtienne DF 16 0 (0) 2024-2025
0%
142 Johan Walem MF 14 0 (0) 2000-2001
0%
150 Jonas De Roeck DF 9 0 (0) 2011-2012
0%
151 Julien Vercauteren MF 9 0 (2) 2014-2015
0%
148 Kazeem Olaigbe MF, FW 10 0 (2) 2024-2025
0%
161 Laurent Wuillot DF 7 0 (0) 2002-2003
0%
188 Massimo Bruno MF, FW 1 0 (0) 2016-2017
0%
98 Maxime Lestienne MF, FW 35 1 (3) 2014-2015, 2017-2018
0%
87 Maximiliano Caufriez DF 47 1 (1) 2022-2025
0%
178 Michael Lejan MF 2 0 (0) 2003-2004
0%
190 Noam Mayoka-Tika MF 1 0 (0) 2023-2024
0%
153 Noë Dussenne DF, FW 9 0 (0) 2016-2018
0%
116 Nordin Jbari FW 25 1 (2) 2000-2003
0%
179 Obbi Oulare FW 2 0 (0) 2015-2016
0%
156 Pascal Renier DF 8 0 (0) 2000-2001
0%
94 Philippe Léonard DF 43 0 (3) 2000-2004
0%
180 Régis Genaux DF 2 0 (0) 2000-2001
0%
173 Richie Sagrado DF 3 0 (0) 2024-2025
0%
103 Roberto Bisconti MF 32 0 (3) 2004-2006
0%
132 Ronny Gaspercic GK 19 0 (0) 2001-2002, 2004-2005
0%
192 Samuel Ntanda MF 1 0 (0) 2022-2023
0%
143 Stanis Idumbo MF, FW 14 1 (1) 2024-2025
0%
121 Stephane Omeonga DF, MF 22 0 (0) 2017-2019
0%
170 Steve De Ridder MF, FW 4 0 (0) 2012-2013
0%
129 Steve Dugardein MF 20 0 (0) 2004-2005
0%
157 Stijn Vreven DF 8 0 (0) 2003-2004
0%
109 Toni Brogno FW 29 8 (1) 2000-2002
0%
174 Viktor Klonaridis MF, FW 3 0 (0) 2012-2013
0%
141 Walter Baseggio MF 15 1 (0) 2005-2006
0%
No matching quizzes found
Score Distribution
Percent of People with Each Score
Percentile by Number Answered
Your Score History
You have not taken this quiz